Una economia politica nel Medioevo.

Wedi'i Gadw mewn:
Manylion Llyfryddiaeth
Prif Awdur: Capitani, Ovidio (autore)
Fformat: Llyfr
Iaith:Saesneg
Cyhoeddwyd: Bologna, Italia: Pàtron, 1987.
Rhifyn:Prima edizione.
Cyfres:Il Mondo medievale. Sezione di storia delle istituzioni della spiritualità e delle idee,
Pynciau:
Tagiau: Ychwanegu Tag
Dim Tagiau, Byddwch y cyntaf i dagio'r cofnod hwn!

MARC

LEADER 00000nam a22000007a 4500
003 CL-VaPUC
005 20220822114722.0
008 220725t1987 ||||| |||| 00| 0 eng d
999 |c 437537  |d 437535 
040 |c Pontificia Universidad Católica de Valparaíso 
082 |2 22  |a 330.1512 CAP 1987  
100 |9 871933  |a Capitani, Ovidio  |e autore 
245 |a Una economia politica nel Medioevo.  
250 |a Prima edizione.  
260 |a Bologna, Italia:   |b Pàtron,   |c 1987.  
300 |a 191 páginas.  
490 |a Il Mondo medievale. Sezione di storia delle istituzioni della spiritualità e delle idee,   |n  15.  
500 |a c.1 Donación Familia Prof. Alejandro Guzmán Brito. 
583 |c 20220725  |k Yessy Sthefany Diaz Vidal 
650 0 |9 255814  |a Economía política  |x Teoría Medieval  
650 0 |9 258041  |a Edad media  |x Historia económica  
942 |2 ddc  |c BK  |n 0 
952 |0 0  |1 0  |2 ddc  |4 0  |6 330_151200000000000_CAP_1987  |7 0  |8 C_AGB  |9 585315  |a BIBDER  |b BIBDER  |d 2022-07-25  |e Donación   |i 5653364  |o 330.1512 CAP 1987  |p 5653364  |r 2023-01-25  |t 1  |w 2022-07-25  |y BK_US  |k AGB